| 000 | 00487nam a22001217a 4500 | ||
|---|---|---|---|
| 082 |
_a823 _bBON/C |
||
| 100 | _aBOND, RUSKIN | ||
| 245 | _aCARNIVAL OF TERROR | ||
| 260 |
_aDELHI _bRUPA PUBLICATIONS _c2010 |
||
| 520 | _aWhen the yearly carnival arrives in Boo, Pennsylvania, Amanda and Billy think it's just the thing they need to get their minds off of everything they've been through. Pumpkins attacking people, zombies running amok all over town… | ||
| 650 |
_aNOVEL _zINDIA |
||
| 942 | _cBK | ||
| 999 |
_c4252 _d4252 |
||